LEADER 00692nam0-22002651i-450- 001 990004249000403321 005 20010427 035 $a000424900 035 $aFED01000424900 035 $a(Aleph)000424900FED01 035 $a000424900 100 $a20010427d1984----km-y0itay50------ba 101 0 $aeng 105 $ay-------000ay 200 1 $a<>Fourth protocol$fFrederick Forsyth 210 $aLondon$cHutchinson$d1984 215 $a448 p.$d23 cm 700 1$aForsyth,$bFrederick$0168021 801 0$aIT$bUNINA$gRICA$2UNIMARC 901 $aBK 912 $a990004249000403321 952 $aP.3 BR.C.1651$fFLFBC 959 $aFLFBC 996 $aFourth protocol$9480428 997 $aUNINA